000 00687nam a2200241Ia 4500
003 GCL
008 140319s9999 xx 000 0 ara d
040 _aGCL /
_cGCL
082 0 4 _a332
_bح ا
100 1 _aحسنى على خريوش
245 1 0 _aالاسواق المالية /
_cحسنى على خريوش
700 1 _aعبدالمعطى رضا ارشيد
700 1 _aمحفوظ احمد جودة
300 _a289 ص
490 _a
650 0 4 _aالاوراق التجارية
650 0 4 _aالاستثمار
650 0 4 _aالاسواق
650 0 4 _aالاوراق المالية
650 0 4 _aالمضاربة
650 0 4 _aالبورصات
942 _2ddc
_cBK
999 _c52306
_d52306